Faculty of Law Library — Cairo University

Official Online Catalog

Traité De Diplomatie Et De Droit Diplomatique. (Record no. 54765)

MARC details
000 -LEADER
fixed length control field 01267nam a22003377i 4500
003 - CONTROL NUMBER IDENTIFIER
control field EG-GICUC
005 - DATE AND TIME OF LATEST TRANSACTION
control field 20260121101651.0
008 - FIXED-LENGTH DATA ELEMENTS--GENERAL INFORMATION
fixed length control field 260106s1931 fr ||||fr||| 00|00 ffre d
040 ## - CATALOGING SOURCE
Original cataloging agency EG-GiCUC
Transcribing agency EG-GiCUC
Modifying agency EG-GiCUC
Description conventions Rda
082 04 - DEWEY DECIMAL CLASSIFICATION NUMBER
Edition number 21
Classification number 341.33
Item number GE . T
092 04 - LOCALLY ASSIGNED DEWEY CALL NUMBER (OCLC)
Edition number 21
099 ## - LOCAL FREE-TEXT CALL NUMBER (OCLC)
Classification number Law1 11 341.33 GE . T 1931
100 1# - MAIN ENTRY--PERSONAL NAME
Personal name Genet, Raoul
Relator term Auteur
245 10 - TITLE STATEMENT
Title Traité De Diplomatie Et De Droit Diplomatique.
Number of part/section of a work Tome I,
Name of part/section of a work L'agent Diplomatique Personnel Diplomatique. Rang -Honneurs - Préséances. Privileges Et Immunités Diplomatiques /
Statement of responsibility, etc. Raoul Genet.
264 #1 - PRODUCTION, PUBLICATION, DISTRIBUTION, MANUFACTURE, AND COPYRIGHT NOTICE
Place of production, publication, distribution, manufacture Paris :
Name of producer, publisher, distributor, manufacturer A. Pedone,
Date of production, publication, distribution, manufacture, or copyright notice 1931.
300 ## - PHYSICAL DESCRIPTION
Extent 608 page ;
Dimensions 24 cm.
336 ## - CONTENT TYPE
Source rda contenu
Content type term texte
337 ## - MEDIA TYPE
Source rda medias
Media type term Ordinateur
338 ## - CARRIER TYPE
Source transporteur rda
Carrier type term Ressource en ligne
490 0# - SERIES STATEMENT
Series statement Publications de la Revue générale de Droit international public ;
Volume/sequential designation Numéro 3.
504 ## - BIBLIOGRAPHY, ETC. NOTE
Bibliography, etc. note Include Bibliographic references
546 ## - LANGUAGE NOTE
Language note Texte en français
650 14 - SUBJECT ADDED ENTRY--TOPICAL TERM
Topical term or geographic name entry element Diplomatie
General subdivision Droit international public
Source of heading or term qrmak
650 14 - SUBJECT ADDED ENTRY--TOPICAL TERM
Topical term or geographic name entry element L'agent Diplomatique
650 14 - SUBJECT ADDED ENTRY--TOPICAL TERM
Topical term or geographic name entry element Personnel Diplomatique
Source of heading or term qrmak
650 14 - SUBJECT ADDED ENTRY--TOPICAL TERM
Topical term or geographic name entry element Rang Honneurs Préséances
651 1# - SUBJECT ADDED ENTRY--GEOGRAPHIC NAME
Source of heading or term qrmak
856 40 - ELECTRONIC LOCATION AND ACCESS
Uniform Resource Identifier <a href="https://fll.law.cu.edu.eg/fulltext/bks/B11-06846.pdf">https://fll.law.cu.edu.eg/fulltext/bks/B11-06846.pdf</a>
905 ## - Cataloger and Reviser Names
Cataloger Name: Rawan khaled
942 ## - ADDED ENTRY ELEMENTS (KOHA)
Source of classification or shelving scheme Dewey Decimal Classification
Koha item type Books
Edition 21
Suppress in OPAC No
Holdings
Withdrawn status Lost status Source of classification or shelving scheme Materials specified (bound volume or other part) Damaged status Not for loan Collection Home library Current library Date acquired Total checkouts Full call number Barcode Date last seen Copy number Price effective from Koha item type
    Dewey Decimal Classification V1   Not for loan القانون الدولي العام جــــامعة القــاهرة مكتبة كلية الحقوق - المبنى الرئيسي 06.01.2026   Law1 11 341.33 GE . T 1931 1106846 V1, C1 B11-06846 06.01.2026 1 06.01.2026 Books
    Dewey Decimal Classification V1     القانون الدولي العام جــــامعة القــاهرة مكتبة كلية الحقوق - المبنى الرئيسي 18.01.2026   Law1 11 341.33 GE . T 1931 1106537 V1, C2 B11-06537 18.01.2026 C2 18.01.2026 Books
    Dewey Decimal Classification V1     القانون الدولي العام جــــامعة القــاهرة مكتبة كلية الحقوق - فـرع الشيخ زايد 25.01.2026   Law2 11 341.33 GE . T 1931 1106538 V1, C3 B11-06538 25.01.2026 C3 25.01.2026 Books

© All rights reserved — Faculty of Law, Cairo University